000 00844nam a2200253Ia 4500
003 OSt
005 20220927105602.0
006 a|||||r|||| 00| 0
007 ta
008 220926b |||||||| |||| 00| 0 eng d
024 _a192087
037 _cReference Collections
040 _aRTL
_cRTL
_beng
041 _2eng
_aeng
082 _a"X:8:(G:55).931, UN"
110 _aWORLD BANK
245 0 _aPhilippines environmental sector study toward improved environmental policies and management
_b Industry and Energy Division Country Department 1 East Asia and Pacific Region
260 _aWashington
_bWorld Bank
_c1993
300 _a"xi, 137p"
_ccm.
490 _aWorld Bank Publication: Report No. 11852-PH
700 _aWORLD BANK
942 _h"X:8:(G:55).931, UN"
_cCC
999 _c693305
_d693305